| 000 | 01063ngm a22003010a 4500 | ||
|---|---|---|---|
| 001 | PT16384 | ||
| 003 | AR-LpoUNG | ||
| 005 | 20210202000206.0 | ||
| 007 | vd cvaizq | ||
| 008 | 191001s1978||||ag |||||||||||||||||ita d | ||
| 037 | _c$9.96 | ||
| 040 |
_aAR-LpoUNG _bspa _cAR-LpoUNG _eaacr |
||
| 041 |
_aita _aspa |
||
| 044 | _aag | ||
| 082 | 0 | _a306.8 51arb | |
| 100 | 1 |
_aOlmi, Ermano _edir. |
|
| 245 | 1 | 3 |
_aEl árbol de los zuecos : _bla mejor película de los últimos tiempos |
| 260 |
_aBuenos Aires : _bTecno Video, _c1978. |
||
| 300 | _aVHS (150 min.) : son., col. | ||
| 505 | 0 | _aDiálogos en inglés, subtítulos en castellano. Año de realización 1978. | |
| 520 | _aDos recién casados de la región de Lombardía deciden marcharse de viaje de novios a Milán, donde visitan a una tía monja que vive en un convento. Allí, las religiosas les piden que adopten un recién nacido que ha sido abandonado por sus padres | ||
| 650 | 4 | _aCAMPESINADO | |
| 650 | 4 | _aITALIA | |
| 651 | 4 | _aItalia | |
| 653 | _aVIDEOS | ||
| 905 | _a16384 | ||
| 942 | _cVIDEO | ||
| 999 |
_c54307 _d54307 |
||